• 首页
  • 本馆介绍
  • 公告通知
  • 最新文献
  • 馆藏检索
  • 电子资源
  • 读者导购
  • 参考咨询
  • 我的图书馆
  • 登录
  • 详细信息显示
  • 放入我的书架
  • 预约/预借图书
  • 作者相关作品
  • 分类相关作品
  • 丛书相关作品
  • 出版社相关作品

书目信息

  • 表格格式
  • 工作单格式
  • 卡片格式
题名:
明代后期士人心态
    
 
作者: 罗宗强 著
分册:  
出版信息: 北京   中华书局  2019
页数: 17,621页
开本: 22cm
丛书名:
单 册:
中图分类: D691.71
科图分类:
主题词: 士--shi--心理状态--研究--中国--明代
电子资源:
ISBN: 978-7-101-13923-5
000 00821nam0 2200253 450
001 2131047763
005 20211029202829.0
010    @a978-7-101-13923-5@dCNY68.00
100    @a20190911d2019 em y0chiy0120 ea
101 0  @achi
102    @aCN@b110000
105    @ay z 000yy
106    @ar
200 1  @a明代后期士人心态@Aming dai hou qi shi ren xin tai@f罗宗强著
210    @a北京@c中华书局@d2019
215    @a17,621页@d22cm
300    @a罗宗强文集
314    @a版权页题:罗宗强著
330    @a本书属于群体心态的研究,从朝政变化、风俗变迁与思潮演变的角度,对最为复杂的明代后期士人心态进行了卓有成效的探讨。
606 0  @a士@Ashi@x心理状态@x研究@y中国@z明代
690    @aD691.71@v5
701  0 @a罗宗强@Aluo zong qiang@f(1931~2020)@4著
801  0 @aCN@b百万庄@c20211029
905    @b1313211-14@dD691.71@e322@f4
    
    明代后期士人心态/罗宗强著.-北京:中华书局,2019
    17,621页;22cm
    罗宗强文集
    
    ISBN 978-7-101-13923-5:CNY68.00
    本书属于群体心态的研究,从朝政变化、风俗变迁与思潮演变的角度,对最为复杂的明代后期士人心态进行了卓有成效的探讨。
●
相关链接 在E读中查询图书 在五车中查询图书 在当当中查询图书 在豆瓣中查询图书


正题名:明代后期士人心态     索取号:D691.71/322         预约/预借

序号 登录号 条形码 馆藏地/架位号 状态 备注
1 1313211   213132117   第一样本阅览室/ [索取号:D691.71/322] 在馆    
2 1313212   213132126   第一借阅区/ [索取号:D691.71/322] 在馆    
3 1313213   213132135   第一借阅区/ [索取号:D691.71/322] 在馆    
4 1313214   213132144   第一借阅区/ [索取号:D691.71/322] 在馆    
唐山师范学院图书馆 欢迎您!
大连网信软件有限公司© 版权所有